[Event "AUTO-MASTER-3286"]
[Site "http://www.queenalice.com/game.php?id=1864682"]
[Date "2025.10.24"]
[Round "1"]
[White "Rafale2000"]
[Black "BeatifulDevil56"]
[Result "0-1"]
[WhiteElo "1956"]
[BlackElo "2156"]

1. e4 e5 2. Nf3 Nc6 3. d4 exd4 4. Bc4 h6 5. Nxd4 Nf6 6. Nc3 Bb4 7. Nf5 O-O 8.
Bxh6 gxh6 9. Nxh6+ Kh7 10. Nf5 d5 11. Qf3 dxe4 12. Qh3+ Kg6 13. Rd1 Qe8 14. Nh4+
Kh6 15. Qe3+ Kh7 16. f4 exf3 17. Qxe8 Rxe8+ 18. Kf2 Ne5 19. Bd3+ Nxd3+ 20. Rxd3
Bxc3 21. bxc3 fxg2 22. Nxg2 Be6 23. Nf4 Ne4+ 24. Ke1 Nc5 25. Re3 Bxa2 26. Rxe8
Rxe8+ 27. Kd1 Na4 28. Ne2 Rd8+ 29. Kc1 Rd6 30. Rf1 Kg8 31. Rf3 Rh6 32. h3 Be6
33. Nf4 Nc5 34. Kb2 Kf8 35. Nxe6+ Nxe6 36. Rd3 Ke7 37. Re3 Kd6 38. Rf3 f6 39.
Rd3+ Kc6 40. Ka3 Nf4 41. Rd1 Rxh3 42. Rd4 Ne2 43. Rc4+ Kd7 44. Kb4 f5 45. Kb3 f4
46. Re4 Rxc3+ 47. Kb2 Re3 48. Ra4 a6 0-1

[Event "AUTO-MASTER-3286"]
[Site "http://www.queenalice.com/game.php?id=1864683"]
[Date "2025.10.24"]
[Round "1"]
[White "BeatifulDevil56"]
[Black "Rafale2000"]
[Result "1-0"]
[WhiteElo "2158"]
[BlackElo "1968"]

1. Nf3 Nf6 2. d4 e6 3. Bg5 d5 4. e3 Nbd7 5. c4 Be7 6. cxd5 Nxd5 7. Bxe7 Qxe7 8.
e4 N5f6 9. Bd3 Qb4+ 10. Qd2 Qxd2+ 11. Nbxd2 O-O 12. O-O b6 13. Rac1 c5 14. Nb3
cxd4 15. Nfxd4 Bb7 16. Rc7 Ne5 17. Bb1 Ng6 18. Rxb7 e5 19. Nb5 Nf4 20. f3 Rfc8
21. Rxa7 Rxa7 22. Nxa7 Rc7 23. Nb5 Rd7 24. Nc3 Nd3 25. Bxd3 1-0

[Event "AUTO-ADV-4900"]
[Site "http://www.queenalice.com/game.php?id=1864721"]
[Date "2025.10.25"]
[Round "1"]
[White "dosoldini"]
[Black "Rafale2000"]
[Result "0-1"]
[WhiteElo "1622"]
[BlackElo "1966"]

1. e4 Nf6 2. Nc3 d5 3. Bd3 d4 4. Nce2 e5 5. Nf3 Bd6 6. Bc4 Be6 7. Bxe6 fxe6 8.
Ng5 O-O 9. h3 Qe7 10. d3 h6 11. Nf3 Nbd7 12. c3 c5 13. Qd2 b5 14. c4 bxc4 15.
dxc4 Nxe4 16. Qd3 Ndf6 17. g4 Qb7 18. g5 Nxg5 19. Nxg5 hxg5 20. Bxg5 Qxb2 21.
Rd1 e4 22. Qb1 Qxb1 23. Rxb1 Rab8 24. Rd1 Rb2 25. Nc1 Nh5 26. O-O Rf5 27. Bh4
Nf4 28. f3 Rh5 0-1

[Event "AUTO-ADV-4900"]
[Site "http://www.queenalice.com/game.php?id=1864722"]
[Date "2025.10.25"]
[Round "1"]
[White "Rafale2000"]
[Black "dosoldini"]
[Result "1-0"]
[WhiteElo "1957"]
[BlackElo "1671"]

1. e4 e5 2. Nf3 Nc6 3. d4 Nxd4 4. Nxe5 Ne6 5. Qf3 Nf6 6. g4 a6 7. g5 Nd4 8. Qc3
Nb5 9. Qb3 Nd6 10. gxf6 Qxf6 11. Qd5 c6 12. Qd4 Qh4 13. Nc3 f6 14. Nf3 Qg4 15.
Be2 Qe6 16. Bf4 Qg4 17. Bxd6 Bxd6 18. Qxd6 1-0

[Event "AUTO-ADV-4900"]
[Site "http://www.queenalice.com/game.php?id=1864737"]
[Date "2025.10.25"]
[Round "1"]
[White "Rafale2000"]
[Black "Castling"]
[Result "1-0"]
[WhiteElo "1986"]
[BlackElo "1732"]

1. e4 e5 2. Nf3 d6 3. d4 Bg4 4. d5 Nf6 5. Nc3 a6 6. Be2 h6 7. h3 Bxf3 8. Bxf3
Nbd7 9. O-O Nc5 10. Be3 Qd7 11. Qd2 Be7 12. b3 O-O-O 13. Qd1 Kb8 14. a4 Qe8 15.
b4 Ncd7 16. a5 Ka8 17. b5 Nc5 18. b6 c6 19. dxc6 Qxc6 20. Nd5 Nxd5 21. Qxd5 Qxd5
22. exd5 f5 23. g3 g5 24. Bxc5 dxc5 25. c4 e4 26. Bd1 Bf6 27. Ra2 h5 28. Re1 g4
29. Kg2 Rhe8 30. Kh2 Bd4 31. Rh1 e3 32. fxe3 Rxe3 33. h4 Rde8 34. Rf1 R8e5 35.
Rf4 Rd3 36. Be2 Rde3 37. Bf1 Rf3 38. Kg2 Ree3 39. Rxf3 Rxf3 40. Re2 Re3 41. Rxe3
Bxe3 42. d6 Bd4 43. Bd3 Be5 44. d7 Bf6 45. Bxf5 Bd8 46. Bg6 Kb8 47. Bxh5 1-0

[Event "AUTO-ADV-4900"]
[Site "http://www.queenalice.com/game.php?id=1864738"]
[Date "2025.10.25"]
[Round "1"]
[White "Castling"]
[Black "Rafale2000"]
[Result "0-1"]
[WhiteElo "1865"]
[BlackElo "1947"]

1. e4 Nf6 2. Nc3 d5 3. d3 dxe4 4. Nxe4 Nxe4 5. dxe4 Qxd1+ 6. Kxd1 e5 7. Be3 Nc6
8. Bb5 Bd7 9. a3 a6 10. Bd3 O-O-O 11. Nf3 Bg4 12. Ke2 Nd4+ 13. Bxd4 Rxd4 14. h3
Bxf3+ 15. Kxf3 Be7 16. Rhd1 Rhd8 17. g3 g6 18. Kg2 c5 19. Rd2 c4 20. c3 Rxd3 21.
Rxd3 Rxd3 22. Rb1 Rd2 23. h4 Bc5 24. b4 Bxf2 25. Kh3 Rd3 26. Rf1 Bxg3 27. Rxf7
Be1+ 28. Kg4 Rg3# 0-1

[Event "AUTO-ADV-4900"]
[Site "http://www.queenalice.com/game.php?id=1864739"]
[Date "2025.10.25"]
[Round "1"]
[White "Rafale2000"]
[Black "Capixaba789"]
[Result "1-0"]
[WhiteElo "1942"]
[BlackElo "1908"]

1. e4 e5 2. Nf3 d6 3. d4 exd4 4. Nxd4 Nf6 5. Nc3 Be7 6. Bc4 O-O 7. Bg5 Bg4 8. f3
Bd7 9. Qd2 Nxe4 10. Nxe4 Bxg5 11. Nxg5 Nc6 12. Nxc6 Bxc6 13. O-O-O a6 14. Qf4 a5
15. Nxf7 Rxf7 16. Qxf7+ Kh8 17. Rd4 1-0

[Event "AUTO-ADV-4900"]
[Site "http://www.queenalice.com/game.php?id=1864740"]
[Date "2025.10.25"]
[Round "1"]
[White "Capixaba789"]
[Black "Rafale2000"]
[Result "0-1"]
[WhiteElo "1925"]
[BlackElo "1953"]

1. d4 Nf6 2. Nc3 d5 3. f4 Ne4 4. Nxe4 dxe4 5. e3 b6 6. Bc4 Bb7 7. Ne2 e6 8. Ng3
Qh4 9. Qe2 Nd7 10. Bd2 Nf6 11. O-O-O Bd6 12. Bc3 O-O 13. f5 exf5 14. Nxf5 Qg4
15. Nxd6 cxd6 16. Qxg4 Nxg4 17. Rde1 Rac8 18. Bb3 Kh8 19. h3 Nf6 20. g4 d5 21.
g5 Nh5 22. h4 f5 23. Rhf1 f4 24. exf4 Rxf4 25. Rxf4 Nxf4 26. a3 g6 27. Bb4 Nd3+
28. Kd1 Nxe1 29. Kxe1 Rc7 30. Bd6 Rf7 31. Be5+ Kg8 32. Bf6 h6 33. c4 hxg5 34.
hxg5 Rd7 35. Kd2 Kf7 36. cxd5 Bxd5 0-1

[Event "AUTO-OPEN-4566"]
[Site "http://www.queenalice.com/game.php?id=1866167"]
[Date "2025.11.25"]
[Round "3"]
[White "Rafale2000"]
[Black "Tonto"]
[Result "0-1"]
[WhiteElo "2035"]
[BlackElo "1982"]

1. e4 e5 2. Nf3 Nc6 3. d4 exd4 4. Bc4 Bb4+ 5. c3 dxc3 6. Nxc3 Nf6 7. O-O O-O 8.
e5 Bxc3 9. bxc3 Ng4 10. Bf4 d6 11. exd6 cxd6 12. Qxd6 Qxd6 13. Bxd6 Re8 14. Rfe1
Be6 15. Bxe6 fxe6 16. h3 Nf6 17. Ng5 e5 18. Ne4 Re6 19. Rad1 Nxe4 20. Rxe4 Rd8
21. Rb1 Rdxd6 22. Rxb7 a5 23. Rb6 Kf7 24. Rb7+ Ne7 25. Ra7 Rd5 26. Ra4 Kf6 27.
g4 Nc6 28. Ra6 Rc5 29. c4 e4 30. Kf1 Kg5 31. Ke2 Kf4 32. Ra8 Kg5 33. Rg8 g6 34.
Kf1 Ne5 35. Ra8 Nxc4 36. Kg2 e3 37. fxe3 Rxe3 38. Kh2 Ra3 39. Rxa3 Nxa3 40. Kg3
Rc3+ 41. Kg2 Nc4 42. Rc8 Ne3+ 0-1

[Event "AUTO-OPEN-4566"]
[Site "http://www.queenalice.com/game.php?id=1866168"]
[Date "2025.11.25"]
[Round "3"]
[White "Tonto"]
[Black "Rafale2000"]
[Result "0-1"]
[WhiteElo "1990"]
[BlackElo "1999"]

1. e4 Nf6 2. Nc3 d5 3. e5 d4 4. exf6 dxc3 5. fxg7 cxd2+ 6. Bxd2 Bxg7 7. c3 Bf5
8. Nf3 Nc6 9. Be2 Qd6 10. O-O O-O-O 11. Qa4 Qd5 12. Be3 Kb8 13. h3 Qa5 14. Qf4
Bg6 15. Ng5 Bf6 16. Bf3 Bxg5 17. Qxg5 Ne5 18. Be2 f6 19. Qf4 Nd3 20. Bxd3 Rxd3
21. Bd4 Qb5 22. b4 Rg8 23. Bc5 Rxh3 24. Bxe7 Rxc3 25. Qxf6 Rc6 26. Qd4 Rc4 27.
Qd2 Rg4 28. Rfd1 a6 29. Bc5 b6 30. Qd5 Be4 0-1

[Event "AUTO-ADV-4891"]
[Site "http://www.queenalice.com/game.php?id=1866453"]
[Date "2025.12.2"]
[Round "2"]
[White "Rafale2000"]
[Black "maurice916"]
[Result "1-0"]
[WhiteElo "1992"]
[BlackElo "1813"]

1. e4 c6 2. d4 d5 3. Nc3 dxe4 4. Nxe4 Nf6 5. Nxf6+ exf6 6. Bc4 Bd6 7. Ne2 Bg4 8.
f3 Bh5 9. O-O O-O 10. Nf4 Bg6 11. Nxg6 hxg6 12. Qd3 Kh8 13. f4 Qc7 14. Rf3 f5
15. Rh3+ Kg8 16. Qg3 b5 17. Bb3 Qb6 18. Qxg6 Qxd4+ 19. Be3 Qf6 20. Qh7# 1-0

[Event "AUTO-ADV-4891"]
[Site "http://www.queenalice.com/game.php?id=1866454"]
[Date "2025.12.2"]
[Round "2"]
[White "maurice916"]
[Black "Rafale2000"]
[Result "0-1"]
[WhiteElo "1815"]
[BlackElo "2003"]

1. Nf3 d5 2. b3 c5 3. Bb2 Nc6 4. e3 Bg4 5. Bb5 e6 6. d4 Nf6 7. Nbd2 Bd6 8. h3
Bf5 9. Bxc6+ bxc6 10. Ne5 Bxe5 11. dxe5 Ne4 12. O-O Qg5 13. f4 Qg6 14. g4 h5 15.
g5 f6 16. h4 Nxd2 17. Qxd2 fxg5 18. hxg5 h4 19. Rf2 Qh5 20. Rh2 h3 21. Qf2 Qg4+
22. Kh1 Be4+ 0-1

[Event "AUTO-ADV-4891"]
[Site "http://www.queenalice.com/game.php?id=1866455"]
[Date "2025.12.2"]
[Round "2"]
[White "Rafale2000"]
[Black "chessman"]
[Result "0-1"]
[WhiteElo "2026"]
[BlackElo "2057"]

1. e4 e6 2. d4 d5 3. Nd2 dxe4 4. Nxe4 Nd7 5. Nf3 Ngf6 6. Bd3 Nxe4 7. Bxe4 Nf6 8.
Bg5 c6 9. O-O Be7 10. c3 O-O 11. Bc2 Re8 12. Re1 h6 13. Bh4 Qb6 14. Ne5 Qxb2 15.
Qd3 g5 16. Nc4 Qb5 17. Reb1 Qd5 18. Bg3 Kg7 19. Be5 Rh8 20. Bb3 Qd8 21. Re1 b5
22. Nd2 a5 23. Bg3 Bd6 24. Be5 Ba6 25. Bxd6 Qxd6 26. Qf3 a4 27. Bc2 c5 28. Rad1
cxd4 29. Ne4 Qf4 30. Rxd4 Qxf3 31. gxf3 Nxe4 32. fxe4 Rhd8 33. Red1 Rxd4 34.
cxd4 Rd8 35. Kg2 Bb7 36. Rd2 f5 37. f3 fxe4 38. fxe4 Rc8 39. Bb1 Rc1 40. Rb2
Rxb1 41. Re2 Rb4 42. d5 exd5 43. e5 Re4 0-1

[Event "AUTO-ADV-4891"]
[Site "http://www.queenalice.com/game.php?id=1866456"]
[Date "2025.12.2"]
[Round "2"]
[White "chessman"]
[Black "Rafale2000"]
[Result "1-0"]
[WhiteElo "2107"]
[BlackElo "2011"]

1. e4 Nf6 2. Bc4 e5 3. d3 d5 4. exd5 Nxd5 5. Nf3 Nc6 6. O-O Bg4 7. Re1 Bd6 8.
Bxd5 Qf6 9. d4 O-O 10. Bxc6 bxc6 11. dxe5 Bxe5 12. c3 Rad8 13. Qe2 Rfe8 14. Be3
Qd6 15. h3 Bxf3 16. Qxf3 Bf6 17. Na3 Bxc3 18. Nc4 Qd5 19. bxc3 Qxc4 20. Bxa7
Rxe1+ 21. Rxe1 h6 22. Bd4 c5 23. Qc6 Qxa2 24. Qxc5 Qd2 25. Qe5 f6 26. Qe6+ Kh7
27. Bxf6 Rf8 28. Bd4 Qg5 29. Qe4+ Qf5 30. Qxf5+ Rxf5 31. Re7 h5 32. Rxg7+ Kh6
33. Rxc7 Kg6 34. g4 hxg4 35. hxg4 Rb5 36. Rc5 Rb3 37. Kg2 Rb2 38. Kg3 Rb1 39.
Kf4 Rb2 40. Rc6+ Kf7 41. g5 Kg8 42. Kf5 Rb7 43. g6 Rd7 44. Rc8+ 1-0

[Event "AUTO-OPEN-4630"]
[Site "http://www.queenalice.com/game.php?id=1866980"]
[Date "2025.12.13"]
[Round "1"]
[White "Rafale2000"]
[Black "MarcosT"]
[Result "0-1"]
[WhiteElo "2042"]
[BlackElo "2051"]

1. e4 e5 2. Nf3 Nf6 3. Nxe5 Nc6 4. Nxc6 dxc6 5. Nc3 Bc5 6. e5 Ng4 7. Ne4 Qd4 8.
Qe2 Nxe5 9. Nxc5 Qxc5 10. f4 O-O 11. fxe5 Re8 12. Qd3 Rxe5+ 13. Kd1 Bg4+ 14. Be2
Bxe2+ 15. Qxe2 Rxe2 16. Kxe2 Re8+ 17. Kd1 Qh5+ 0-1

[Event "AUTO-OPEN-4630"]
[Site "http://www.queenalice.com/game.php?id=1866981"]
[Date "2025.12.13"]
[Round "1"]
[White "MarcosT"]
[Black "Rafale2000"]
[Result "0-1"]
[WhiteElo "2083"]
[BlackElo "1991"]

1. d4 Nf6 2. e3 d5 3. Bd3 Bg4 4. Nf3 e6 5. c3 Nbd7 6. Nbd2 Bd6 7. O-O O-O 8. Re1
Re8 9. h3 Bh5 10. Be2 Ne4 11. Nxe4 dxe4 12. Ne5 Bxe2 13. Qxe2 Nxe5 14. dxe5 Bxe5
15. Bd2 Re7 16. Rad1 Rd7 17. Bc1 Rd3 18. Rxd3 exd3 19. Qd2 c5 20. b3 Qd6 21. f4
Bf6 22. e4 e5 23. f5 Rd8 24. Re3 b5 25. c4 bxc4 26. bxc4 Qd4 27. Bb2 Qxc4 28.
Kh2 Qc2 29. Qxc2 dxc2 30. Rc3 Rd2 31. Bc1 Re2 32. Rxc5 h6 33. Kg3 h5 34. h4 Rxe4
35. Rxc2 Bxh4+ 36. Kf3 Ra4 37. Rc8+ Kh7 38. a3 f6 39. g3 Bg5 40. Bb2 Bd2 41. Bc3
Rxa3 0-1

[Event "AUTO-ADV-4895"]
[Site "http://www.queenalice.com/game.php?id=1867293"]
[Date "2025.12.19"]
[Round "2"]
[White "Takeda"]
[Black "Rafale2000"]
[Result "1-0"]
[WhiteElo "2108"]
[BlackElo "2025"]

1. e4 Nf6 2. e5 Nd5 3. Nf3 d6 4. Bc4 e6 5. O-O Nc6 6. Bxd5 exd5 7. exd6 Bxd6 8.
d4 O-O 9. Nc3 Bg4 10. Be3 Ne7 11. h3 Bh5 12. g4 Bg6 13. Ne5 c6 14. Nxg6 Nxg6 15.
f4 Qh4 16. Qf3 Rfe8 17. f5 Nf8 18. Bf2 Qf6 19. Rae1 Nd7 20. Be3 Re7 21. g5 Rxe3
22. Qxe3 Qd8 23. g6 hxg6 24. fxg6 f6 25. Qe6+ 1-0

[Event "AUTO-ADV-4895"]
[Site "http://www.queenalice.com/game.php?id=1867299"]
[Date "2025.12.19"]
[Round "2"]
[White "Rafale2000"]
[Black "chessman"]
[Result "1-0"]
[WhiteElo "2015"]
[BlackElo "2127"]

1. e4 e6 2. d4 d5 3. Nd2 dxe4 4. Nxe4 Nd7 5. c4 Ngf6 6. Bd3 Nxe4 7. Bxe4 Nf6 8.
Bc2 Bb4+ 9. Bd2 Bxd2+ 10. Qxd2 O-O 11. O-O-O b6 12. Ne2 Bb7 13. f3 Qe7 14. Kb1
Rfd8 15. h4 c5 16. Qf4 cxd4 17. Rxd4 Rxd4 18. Nxd4 Rd8 19. Rd1 Qe8 20. Nb5 Rxd1+
21. Bxd1 a6 22. Qc7 axb5 23. Qxb7 bxc4 24. Qxb6 Qc8 25. a4 Nd5 26. Qd4 h6 27.
Bc2 f5 28. Bxf5 c3 29. Qxd5 1-0

[Event "AUTO-ADV-4895"]
[Site "http://www.queenalice.com/game.php?id=1867300"]
[Date "2025.12.19"]
[Round "2"]
[White "chessman"]
[Black "Rafale2000"]
[Result "0-1"]
[WhiteElo "1969"]
[BlackElo "2011"]

1. e4 Nf6 2. Bc4 Nxe4 3. Bxf7+ Kxf7 4. Qh5+ Kg8 5. Qd5+ e6 6. Qxe4 Qf6 7. Nf3
Nc6 8. O-O d5 9. Qe2 e5 10. d3 Bg4 11. Nc3 Bd6 12. Nxd5 Qg6 13. Kh1 Qh5 14. Qe4
Bxf3 15. Qxf3 Qxf3 16. gxf3 g6 17. Bh6 Kf7 18. c3 Ke6 19. Ne3 Bf8 20. Bxf8 Rhxf8
21. Kg2 Rf4 22. Nc2 Raf8 23. Ne1 R8f5 24. Kh1 Rh5 25. Rg1 Rfh4 26. Rg2 Rf4 27.
Rd1 Ne7 28. d4 exd4 29. cxd4 Nc8 30. b4 Kd5 31. Nd3 Rxf3 32. b5 Nd6 33. a4 Ne4
34. Kg1 Nc3 35. Rd2 Nxa4 36. Rg4 Nc3 37. Nf4+ Rxf4 38. Rxf4 Nxb5 39. Rf7 Rh4 40.
Rb2 a6 41. Kg2 h5 42. h3 Re4 43. Rd2 Rxd4 44. Rb2 Ke6 45. Rxb5 Kxf7 46. Rxb7 Rc4
47. Ra7 Rc6 48. Kf1 h4 49. Ke2 Ke6 50. Kf3 Kf5 51. Ra8 Kg5 52. Ra7 Kf5 53. Kg2
Kf4 0-1

[Event "AUTO-ADV-4895"]
[Site "http://www.queenalice.com/game.php?id=1867301"]
[Date "2025.12.19"]
[Round "2"]
[White "Rafale2000"]
[Black "Daniel1962"]
[Result "1-0"]
[WhiteElo "1999"]
[BlackElo "1796"]

1. e4 e6 2. d4 Nf6 3. Nd2 d5 4. e5 Ne4 5. Nxe4 dxe4 6. c3 Be7 7. Qe2 f5 8. exf6
Bxf6 9. Qxe4 Bd7 10. Nf3 Nc6 11. Be3 Na5 12. Ne5 Bxe5 13. Qxe5 Nc6 14. Qxg7 Rf8
15. Bg5 Qb8 16. Be2 b6 17. Bh5+ 1-0

[Event "AUTO-ADV-4895"]
[Site "http://www.queenalice.com/game.php?id=1867302"]
[Date "2025.12.19"]
[Round "2"]
[White "Daniel1962"]
[Black "Rafale2000"]
[Result "1-0"]
[WhiteElo "1766"]
[BlackElo "2017"]

1. e3 e5 2. Bc4 d5 3. Bb3 a5 4. a4 Nf6 5. Nf3 Bd6 6. Nc3 c6 7. d4 Bg4 8. h3 Bxf3
9. Qxf3 exd4 10. exd4 O-O 11. Bg5 Qe8+ 12. Be3 Nbd7 13. Ne2 Qe4 14. Qxe4 Nxe4
15. Nf4 Rfe8 16. g4 Bxf4 17. Bxf4 Ng3+ 18. Be3 f5 19. Rg1 f4 20. fxg3 Rxe3+ 21.
Kf2 Rae8 22. gxf4 Rxh3 23. f5 Nf6 24. g5 Nh5 25. f6 g6 26. Raf1 Nf4 27. Rg3 Rxg3
28. Kxg3 Ne2+ 29. Kg2 Kf7 30. c3 Re4 31. Kf3 h5 32. gxh6 Kxf6 33. h7 Kg7 34. Rh1
Kh8 35. Bc2 Re6 36. Kg4 b6 37. Kg5 Ng3 38. Rh3 Ne4+ 39. Bxe4 dxe4 40. Kf4 e3 41.
Rxe3 Rxe3 42. Kxe3 Kxh7 43. b4 axb4 44. cxb4 1-0